Konsolidovaná účtovná závierka podnikateľov a jej analýza z pohľadu investora diplomová práca

Salvato in:
Dettagli Bibliografici
Autore principale: Vargová, Lenka
Ente Autore: Fakulta hospodárskej informatiky EU. Katedra účtovníctva a audítorstva
Altri autori: Hvoždarová, Jana
Natura: Libro
Lingua:slovacco
Pubblicazione: Bratislava 2009
Tags: Aggiungi Tag
Nessun Tag, puoi essere il primo ad aggiungerne!!

MARC

LEADER 00000nam$a2200000$$$4500
001 0097838
005 20240318134706.7
041 0 |a slo 
044 |a SK 
245 1 0 |a Konsolidovaná účtovná závierka podnikateľov a jej analýza z pohľadu investora  |b diplomová práca  |c Lenka Vargová ; škol. Jana Hvoždarová 
264 1 |a Bratislava  |c 2009 
300 |a 65 s. 
100 1 |a Vargová, Lenka 
700 1 |a Hvoždarová, Jana 
710 2 |a Fakulta hospodárskej informatiky EU. Katedra účtovníctva a audítorstva